Lí thuyết lượng tử chất rắn Dao động của mạng tinh thể và chuyển động điện tử
Trình bày các lí thuyết cổ điển dao động mạng, lí thuyết lượng tử dao động mạng, chuyển động của điện tử trong vật rắn định lí block, các phương pháp tính vùng năng lượng
Guardado en:
| Autor principal: | |
|---|---|
| Otros Autores: | , |
| Formato: | Libro |
| Publicado: |
H.
ĐHSP
2008
|
| Materias: | |
| Etiquetas: |
Agregar Etiqueta
Sin Etiquetas, Sea el primero en etiquetar este registro!
|
| Thư viện lưu trữ: | Mạng thư viện Đại học Đà Nẵng |
|---|
| LEADER | 01539nam a2200373 4500 | ||
|---|---|---|---|
| 001 | 000016932 | ||
| 003 | 13342 | ||
| 005 | 20130111150115.0 | ||
| 008 | 130111s2008 sd | ||
| 020 | |c 26000 | ||
| 082 | |a 530.4 |b NG-M | ||
| 100 | 0 | |a Nguyễn, Hữu Mình | |
| 245 | 0 | |a Lí thuyết lượng tử chất rắn |b Dao động của mạng tinh thể và chuyển động điện tử |c Nguyễn Hữu Mình; Nguyễn Thị Thanh Hương | |
| 260 | |a H. |b ĐHSP |c 2008 | ||
| 300 | |a 145tr. |b Hình vẽ |c 24cm | ||
| 504 | |a Phụ lục: tr. 135-144. - Thư mục: tr. 145 | ||
| 520 | |a Trình bày các lí thuyết cổ điển dao động mạng, lí thuyết lượng tử dao động mạng, chuyển động của điện tử trong vật rắn định lí block, các phương pháp tính vùng năng lượng | ||
| 653 | |a Lí thuyết lượng tử | ||
| 653 | |a Vật lí | ||
| 653 | |a Vật lí chất rắn | ||
| 653 | |a Giáo trình | ||
| 700 | |a Nguyễn Hữu Mình |e Tác giả | ||
| 700 | |a Nguyễn Thị Thanh Hương |e Tác giả | ||
| 910 | |a Khánh | ||
| OWN | |a LSP | ||
| AVA | |a UDN50 |b LSP |d 530.4 NG-M |e check_holdings |t Error 5003 Not defined in file expand_doc_bib_avail. |h N |k 1 | ||
| 999 | |a From the UDN01 | ||
| AVA | |a UDN50 |b LSP |d 530.4 NG-M |e available |t Error 5001 Not defined in file expand_doc_bib_avail. |f 29 |g 0 |h N |i 2 |k 1 | ||
| TYP | |a Monograph | ||
| TYP | |a Printed language | ||
| 980 | |a Mạng thư viện Đại học Đà Nẵng | ||